Recherche opérationnelle et organisation: sciences de direction

Guardat en:
Dades bibliogràfiques
Autor corporatiu: Association Francaise des Conseils en Organisation Scientifique (Autor)
Format: Llibre
Idioma:francès
Publicat: París Editions d'Organisations 1960
Matèries:
Etiquetes: Afegir etiqueta
Sense etiquetes, Sigues el primer a etiquetar aquest registre!

MARC

LEADER 00000nam a2200000 a 4500
001 UCR8532
003 CL-VaPUC
008 980529e19600000FR |||||||||||||||||fre|d
082 0 4 |a 003  |b ASS  |2 21 
110 2 |a Association Francaise des Conseils en Organisation Scientifique  |e author  |9 410418 
245 1 0 |a Recherche opérationnelle et organisation: sciences de direction 
300 |a 194 p 
942 |c BK 
945 |d 19980529 00:00:00  |a cmena 
260 |a París  |b Editions d'Organisations  |c 1960 
650 0 |a Investigación operativa  |9 259383 
650 0 |a Métodos de investigación   |9 262618 
650 7 |a GESTION DE OPERACIONES  |2 CL-VaPUC  |9 410419 
650 0 |a Matemática aplicada   |9 260236 
583 |a last modification  |c 20180306 02:06:03  |k Rodrigo Vera 
999 |c 269934  |d 269932 
952 |0 0  |1 0  |4 0  |6 003_000000000000000_ASS_1960  |7 0  |8 P  |9 304000  |a BIBGIM  |b BIBGIM  |d 2019-11-20  |i 1407775  |o 003 ASS 1960  |p 1407775  |r 2025-01-15  |w 2019-11-20  |y BK  |k COM